1605 1307 1373 1346 1773 1304 1054 1892 1528 1247 1746 1978 1482 1040 1235 1384 1500 1632 1597 1932 1462 1285 1083 1913 1698 1438 1574 1356 1400 1120 1642 1477 1196 1015 1087 1162 1183 1065 1625 1877 1138 1766 1731 1768 1518 1767 1393 1301 1353 1382 1265 1990 1992 1714 1033 1939 1907 1885 1827 1768 1541 1504 1779 1524 1122 1573 1450 1836 1618 1059 1141 1824 1703 1684 1361 1873 1988 1837 1182 1899 1267 1692 1034 1159 1077 1304 1216 1265 1837 1447 1401 1100 1697 1154 1298 1183 1525 1281 1402 BCNSPRNW ULIB Ver.6.0+V

เปลี่ยนเป็นภาษาไทย

Change to English
 แสดงรายละเอียดบรรณานุกรม
  กลับหน้าหลัก

Brief Record : Get Marc (ISO 2709) : E-mail record : QR code < ปิดหน้าต่าง
LEADER : 00000nas 2200000uu 4500
001    13399129153
003     ULIB
008    250729s||||||||th 000 0 tha d
022 0  ^a30570816
245 00 ^aวารสารสถาบันราชประชาสมาสัย/^cกรมควบคุมโรค กระทรวงสาธารณสุข
260    ^aนนทบุรี :^bกรมควบคุมโรค กระทรวงสาธารณสุข ;^c2567
310    ^aรายสี่เดือน
850 ^a ULIB^bปีที่ 8 ฉบับที่ 1 ฉ.1
945    ^p0^l0^i906416
999    ^aประนอม เกษจรัล
รายการนี้ยังไม่มีแท็ก
คุณยังไม่ได้ล็อกอิน คุณสามารถมีกิจกรรมร่วมกับเว็บไซต์ได้ แต่ต้องล็อกอินก่อน ::
  ล็อกอิน

รายการสื่อสารสนเทศ (วารสาร)

ดูแบบ: กล่อง รายการ
ARRIVED
ปีที่ 8 ฉบับที่ 1 ฉ.1
สถานที่: ห้องสมุดวิทยาเขตสวรรค์ประชารักษ์ >วารสาร

BibComment


ยังไม่เคยถูกคอมเมนท์

คอมเมนท์ทรัพยากรรายการนี้
  คอมเมนท์: วารสารสถาบันราชป..


 Copyright 2026. Bcnsprnw @Library